Music Quiz

Random Music or Artist Quiz

VMA Best New Artist Nominees Quiz Stats

 Plays Quiz Updated Aug 24, 2018

Challenge
Share
Tweet
Score 0/178 Timer 15:00
1 Play Today
Year Artist % Correct
1992Nirvana
84.1%
2009Lady Gaga
83.4%
2008Katy Perry
81.9%
1984Cyndi Lauper
81.5%
1984Cyndi Lauper
81.5%
1999Eminem
73.9%
1988Guns N' Roses
72.6%
1997Hanson
72.3%
2010Ke$ha
70%
200350 Cent
68.3%
1986a-ha
67.7%
1984Eurythmics
67.6%
2005The Killers
65.1%
2007 †Amy Winehouse
63.3%
1984Madonna
60.8%
1996Alanis Morissette
60.8%
2002Avril Lavigne
60.7%
2000Christina Aguilera
59.9%
2001Coldplay
58.4%
1994Beck
57.8%
1994Counting Crows
56%
2006Rihanna
55.9%
2008Taylor Swift
55%
1998Chumbawamba
54.7%
1989Paula Abdul
54.5%
2004Maroon 5
53.9%
2003Kelly Clarkson
53%
2010Justin Bieber (featuring Ludacris)
52.5%
2012fun. (featuring Janelle Monáe)
52.4%
2004Jet
52.2%
2006James Blunt
52.1%
2012One Direction
50.6%
2001Alicia Keys
50.6%
2012Carly Rae Jepsen
49.7%
2007 †Carrie Underwood
49.4%
2000Sisqo
49.2%
1986Whitney Houston
48.4%
1998Natalie Imbruglia
47.6%
1985Sade
47.1%
2003Evanescence (featuring Paul McCoy)
45.9%
1996Jewel
43.2%
2008Jordin Sparks (featuring Chris Brown)
42.2%
1986Pet Shop Boys
41.8%
2006Panic! at the Disco
41.7%
2006Chris Brown (featuring Juelz Santana)
41.4%
2005Ciara (featuring Missy Elliott)
41.1%
1999Kid Rock
40.4%
2000Macy Gray
40.1%
2014Sam Smith
40%
1994Green Day
39.9%
1997Meredith Brooks
39.5%
1989Neneh Cherry
37.8%
2011Foster the People
37.4%
2001Sum 41
36.7%
2001David Gray
36.4%
2011Wiz Khalifa
36.2%
1997The Wallflowers
35.7%
2004The Darkness
35.5%
2016 †DNCE
35.4%
1991C+C Music Factory
34.8%
Year Artist % Correct
1994Lisa Loeb and Nine Stories
34.7%
2004Kanye West (featuring Syleena Johnson)
33.8%
1993Stone Temple Pilots
33.8%
1997Jamiroquai
33.1%
2000Papa Roach
33%
2004Yellowcard
32.7%
1995Hootie & the Blowfish
32.3%
1999Jennifer Lopez
32%
2000P!nk
31.3%
1996Garbage
31.1%
2008Miley Cyrus
30.8%
2009Kid Cudi
30.2%
2009Drake
29.2%
1991Deee-Lite
29.2%
2015Fetty Wap
28.7%
1989Living Colour
28.7%
2014Charli XCX
28.6%
2003Sean Paul
28.2%
2005My Chemical Romance
27.9%
1990Alannah Myles
27.8%
2003The All-American Rejects
26.9%
2004Jojo
26.9%
1998Fastball
26.9%
1987Crowded House
26.7%
1992Arrested Development
26.6%
2018 †Cardi B
26.1%
1998Cherry Poppin' Daddies
25.9%
2007 †Gym Class Heroes
25.4%
2012The Wanted
25.2%
2010Jason Derulo
24.7%
2015George Ezra
24.5%
2015Vance Joy
23.7%
2017 †Noah Cyrus
23.6%
20093OH!3
23.6%
2009Asher Roth
23.1%
1991Jesus Jones
22.8%
1990Bell Biv Devoe
22.8%
1986Simply Red
22.7%
1985'Til Tuesday
22.6%
2005John Legend
22.1%
1991Gerardo
21.8%
2016 †Lukas Graham
21.6%
1984Wang Chung
21.3%
2016 †Desiigner
20.3%
2002Puddle of Mudd
20.1%
2007 †Lily Allen
20%
1987Bruce Hornsby and the Range
19.9%
1988Buster Poindexter
19.5%
20145 Seconds of Summer
19.5%
2002Ashanti
19.2%
1995Filter
19.1%
2017 †Khalid
18.5%
2017 †Julia Michaels
18.5%
1989Edie Brickell & New Bohemians
18.4%
1987The Georgia Satellites
18.3%
2011Tyler, the Creator
18.1%
2013Zedd (featuring Foxes)
17.9%
1985Sheila E.
17.5%
2002John Mayer
17.4%
1990Lenny Kravitz
17.3%
Year Artist % Correct
2006Avenged Sevenfold
17.2%
2015James Bay
17.2%
1985Frankie Goes to Hollywood
16.3%
1994Bjork
16%
1991Seal
15.4%
1999Orgy
15.2%
1995Des'ree
14.9%
1990The Black Crowes
14.3%
1987Timbuk3
13.8%
1985Julian Lennon
13.6%
2014Fifth Harmony
13.6%
1997Fiona Apple
12.9%
2003Simple Plan
12.9%
1986The Hooters
12.8%
2016 †Zara Larsson
12.7%
2007 †Peter Bjorn and John
12.7%
1992Tori Amos
12.7%
2010Nicki Minaj (featuring Sean Garrett)
12.4%
2011Big Sean (featuring Chris Brown)
12.1%
2018 †Lil Pump
11.7%
1993Porno for Pyros
10.9%
1993Belly
10.1%
2011Kreayshawn
10%
2013The Weeknd
9.7%
2017 †SZA
9.2%
2018 †Bazzi
9%
2017 †Kodak Black
9%
2013Iggy Azalea
8.9%
1990Lisa Stansfield
8.7%
1996Tracy Bonham
8.7%
2012Frank Ocean
8.7%
1988Swing Out Sister
8.5%
1990Michael Penn
8.5%
1995Portishead
8%
2006Angels & Airwaves
7.3%
2016 †Bryson Tiller
7.1%
2017 †Young M.A.
6.9%
1992Cracker
6.8%
1990Jane Child
6.7%
2014Schoolboy Q
6.5%
1995Jeff Buckley
6.4%
1998Mase
5.9%
2013Twenty One Pilots
5.8%
2018 †Lil Uzi Vert
5.7%
2013Austin Mahone
5.7%
2008Tokio Hotel
5.3%
1993Tasmin Archer
5.2%
1988Jody Watley
5.1%
2002B2K
4.7%
1987Robert Cray
4.7%
2005The Game
3.9%
1994Me'Shell NdegeOcello
3.7%
2001Nikka Costa
3.7%
2010Broken Bells
3.3%
1988The Godfathers
3.1%
2015FKA twigs
2.6%
2018 †Hayley Kiyoko
2%
2018 †Chloe x Halle
1.3%

You're not logged in!

Compare scores with friends on all Sporcle quizzes.
OR
Log In

You Might Also Like...

Show Comments

Extras

Top Quizzes Today


Score Distribution

Your Account Isn't Verified!

In order to create a playlist on Sporcle, you need to verify the email address you used during registration. Go to your Sporcle Settings to finish the process.

Report this User

Report this user for behavior that violates our Community Guidelines.

Details: